| 000 | 00441nam a2200145 4500 | ||
|---|---|---|---|
| 001 | 113698 | ||
| 003 | ES-MaACL | ||
| 007 | t| | ||
| 008 | 061121s1983 sp r ||||1| spa d | ||
| 100 | 1 |
_aPalencia Oyarzábal, Ceferino. _988539 |
|
| 245 | 1 | 3 |
_aEl médico _b: transcurso histórico / _cCeferino Palencia Oyarzábal. |
| 260 |
_aLeón [etc.] : _bEverest, _c1983. |
||
| 300 |
_a214 p., lám. ; _c22 cm. |
||
| 852 |
_aES-MaACL _jL-4450 _bR.105431 |
||
| 999 |
_c113698 _d113698 |
||